Vainqueurs de la Coupe d'Allemagne - Statistiques

Statistiques générales
  • Ce quiz a été pris 257 fois
    66 depuis la dernière actualisation
  • Le résultat moyen est 62 sur 82
Statistiques - réponses
Édition Vainqueur % Correct
1956-1957 Bayern Munich
100%
1965-1966 Bayern Munich
100%
1966-1967 Bayern Munich
100%
1968-1969 Bayern Munich
100%
1970-1971 Bayern Munich
100%
1981-1982 Bayern Munich
100%
1983-1984 Bayern Munich
100%
1985-1986 Bayern Munich
100%
1997-1998 Bayern Munich
100%
1999-2000 Bayern Munich
100%
2002-2003 Bayern Munich
100%
2004-2005 Bayern Munich
100%
2005-2006 Bayern Munich
100%
2007-2008 Bayern Munich
100%
2009-2010 Bayern Munich
100%
2012-2013 Bayern Munich
100%
2013-2014 Bayern Munich
100%
2015-2016 Bayern Munich
100%
2018-2019 Bayern Munich
100%
2019-2020 Bayern Munich
100%
1964-1965 Borussia Dortmund
98%
1988-1989 Borussia Dortmund
98%
2011-2012 Borussia Dortmund
98%
2016-2017 Borussia Dortmund
98%
2020-2021 Borussia Dortmund
98%
1992-1993 Bayer Leverkusen
93%
2023-2024 Bayer Leverkusen
93%
2021-2022 RB Leipzig
89%
2022-2023 RB Leipzig
89%
1936 VfB Leipzig
86%
1953-1954 VfB Stuttgart
86%
1957-1958 VfB Stuttgart
86%
1996-1997 VfB Stuttgart
86%
2024-2025 VfB Stuttgart
86%
1973-1974 Eintracht Francfort
81%
1974-1975 Eintracht Francfort
81%
1980-1981 Eintracht Francfort
81%
1987-1988 Eintracht Francfort
81%
2017-2018 Eintracht Francfort
81%
1937 FC Schalke 04
79%
1971-1972 FC Schalke 04
79%
2000-2001 FC Schalke 04
79%
2001-2002 FC Schalke 04
79%
1962-1963 Hambourg SV
77%
1975-1976 Hambourg SV
77%
1986-1987 Hambourg SV
77%
2010-2011 Schalke 04
77%
2014-2015 VfL Wolfsburg
75%
1960-1961 Werder Brême
75%
1990-1991 Werder Brême
75%
1993-1994 Werder Brême
75%
1998-1999 Werder Brême
75%
2003-2004 Werder Brême
75%
2008-2009 Werder Brême
75%
1940 Dresdner SC
72%
1941 Dresdner SC
72%
1954-1955 Karlsruher SC
72%
1955-1956 Karlsruher SC
72%
1967-1968 1. FC Cologne
70%
1976-1977 1. FC Cologne
70%
1977-1978 1. FC Cologne
70%
1982-1983 1. FC Cologne
70%
1959-1960 Borussia Mönchengladbach
63%
1972-1973 Borussia Mönchengladbach
63%
1994-1995 Borussia Mönchengladbach
63%
1935 1. FC Nuremberg
58%
1939 1. FC Nuremberg
58%
1961-1962 1. FC Nuremberg
58%
2006-2007 1. FC Nuremberg
58%
1942 TSV 1860 Munich
51%
1963-1964 TSV 1860 Munich
51%
1989-1990 1. FC Kaiserslautern
47%
1995-1996 1. FC Kaiserslautern
47%
1978-1979 Fortuna Düsseldorf
39%
1979-1980 Fortuna Düsseldorf
39%
1991-1992 Hanovre 96
26%
1952-1953 Rot-Weiss Essen
16%
1958-1959 Schwarz-Weiss Essen
16%
1938 Rapid Vienne
11%
1969-1970 Kickers Offenbach
7%
1943 FC Vienna
5%
1984-1985 Bayer Uerdingen
4%
Aucun quiz correspondant
Distribution des résultats
% des personnes avec chaque résultat
Percentile par nombre de réponses
Votre historique - résultats
Vous n’avez pas pris ce quiz depuis la dernière actualisation